Vedení akciových společností.

Koncepcie vrcholového vedenia akciových spoločností. Porovnanie vrcholového vedenia General Motors z r. 1925, rady riaditeľov v súčasných USA a riadiacich orgánov akciových spoločností v ČSFR. V našich podmienkach je štruktúra orgánov akciovej spoločnosti stanovená zákonom č. 104/1990 Zb.

Gespeichert in:
Bibliographische Detailangaben
1. Verfasser: Truneček, Jan
Format: Buchkapitel
Sprache:Tschechisch
Schlagworte:
Tags: Tag hinzufügen
Keine Tags, Fügen Sie das erste Tag hinzu!

MARC

LEADER 00000naa a2200000 4500
001 r005340
005 20221125080547.3
041 0 |a cze 
044 |a [CS] 
245 1 0 |a Vedení akciových společností.  |c Jan Truneček 
520 |a Koncepcie vrcholového vedenia akciových spoločností. Porovnanie vrcholového vedenia General Motors z r. 1925, rady riaditeľov v súčasných USA a riadiacich orgánov akciových spoločností v ČSFR. V našich podmienkach je štruktúra orgánov akciovej spoločnosti stanovená zákonom č. 104/1990 Zb. 
610 2 0 |a spoločnosti akciové 
610 2 0 |a USA 
610 2 0 |a ČSFR 
610 2 0 |a rady správne 
610 2 0 |a zákony 
610 2 0 |a 1990 
100 1 |a Truneček, Jan